<?xml version="1.0" encoding="UTF-8"?>
<record
    xmlns:xsi="http://www.w3.org/2001/XMLSchema-instance"
    xsi:schemaLocation="http://www.loc.gov/MARC21/slim http://www.loc.gov/standards/marcxml/schema/MARC21slim.xsd"
    xmlns="http://www.loc.gov/MARC21/slim">

  <leader>02904nam a2200337 i 4500</leader>
  <controlfield tag="003">CSPC</controlfield>
  <controlfield tag="005">20250906154628.0</controlfield>
  <controlfield tag="008">250904s2024    ph a     b    000 0 eng d</controlfield>
  <datafield tag="040" ind1=" " ind2=" ">
    <subfield code="a">CSPC</subfield>
    <subfield code="b">eng</subfield>
    <subfield code="c">CSPC</subfield>
    <subfield code="e">rda</subfield>
  </datafield>
  <datafield tag="090" ind1=" " ind2=" ">
    <subfield code="a">UTH BSOA B632s</subfield>
  </datafield>
  <datafield tag="100" ind1="1" ind2=" ">
    <subfield code="a">Bodino, Ni&#xF1;o Jay S.A.,</subfield>
    <subfield code="e">author.</subfield>
  </datafield>
  <datafield tag="245" ind1="0" ind2="0">
    <subfield code="a">Striking the balance : challenges faced by working students in juggling academic pursuits /</subfield>
    <subfield code="c">Ni&#xF1;o Jay S.A. Bodino, Merry Dhesan B. Borjal, Celeste M. Cericos, Mary Joy L. Colina, Ericka B. Dagon.</subfield>
  </datafield>
  <datafield tag="260" ind1=" " ind2=" ">
    <subfield code="a">Buhi, Camarines Sur :</subfield>
    <subfield code="b">Camarines Sur Polytechnic Colleges,</subfield>
    <subfield code="c">2024.</subfield>
  </datafield>
  <datafield tag="300" ind1=" " ind2=" ">
    <subfield code="a">137 leaves :</subfield>
  </datafield>
  <datafield tag="336" ind1=" " ind2=" ">
    <subfield code="2">rdacontent</subfield>
    <subfield code="a">text</subfield>
  </datafield>
  <datafield tag="337" ind1=" " ind2=" ">
    <subfield code="2">rdamedia</subfield>
    <subfield code="a">unmediated</subfield>
  </datafield>
  <datafield tag="338" ind1=" " ind2=" ">
    <subfield code="2">rdacarrier</subfield>
    <subfield code="a">volume</subfield>
  </datafield>
  <datafield tag="502" ind1=" " ind2=" ">
    <subfield code="a">Undergraduate Thesis (BSOA) - Office Administration</subfield>
    <subfield code="c">Camarines Sur Polytechnic Colleges, 2024.</subfield>
  </datafield>
  <datafield tag="504" ind1=" " ind2=" ">
    <subfield code="a">Includes bibliographical references. </subfield>
  </datafield>
  <datafield tag="520" ind1=" " ind2=" ">
    <subfield code="b"> This study aims to examine the personal and socio-economic profiles of working students, their reasons for working while studying, and the challenges they face in balancing work and academics. It explores the impact of these challenges on their well-being, self-direction and focus, academic performance, and financial stability, while also analyzing strategies they use to stay productive and achieve success. It also considers potential inervention programs to support their academic goals. The descriptive design was used, having 50 respondents and using a structured questionnaire. The study concluded that the profiles of the respondents,specifically the Bachelor of Science in Office Administration and the Bachelor of Science in Early Childhood Education students enrolled at CSPC Buhi Campus during the first semester of the 2024-2025 school year,are mostly female, aged 21- 26 years old, in the third-year level, single, with good academic performance, and reported with an average monthly income between 1, 001 and 3,000. Students balance their work and study to cover living expenses, and school obligations, and support their families. The researchers has developed a comprehensive intervention program design to assist working students in effectively balancing their work and academics, with particular focus on promoting a flexible schedule, seminars for stress handling, regular support sessions, and a workshop and scholarship program to ensure that students cam thrive in both their work and academic pursuits.</subfield>
  </datafield>
  <datafield tag="700" ind1="1" ind2=" ">
    <subfield code="a">Borjal, Merry Dhesan B.,</subfield>
    <subfield code="e">author.</subfield>
  </datafield>
  <datafield tag="700" ind1="1" ind2=" ">
    <subfield code="a">Cericos, Celeste M.,</subfield>
    <subfield code="e">author.</subfield>
  </datafield>
  <datafield tag="700" ind1="1" ind2=" ">
    <subfield code="a">Colina, Mary Joy L.</subfield>
    <subfield code="e">author.</subfield>
  </datafield>
  <datafield tag="700" ind1="1" ind2=" ">
    <subfield code="a">Dagon, Ericka B.,</subfield>
    <subfield code="e">author.</subfield>
  </datafield>
  <datafield tag="720" ind1="1" ind2=" ">
    <subfield code="a">Villar, Mariber M.,</subfield>
    <subfield code="e">adviser.</subfield>
  </datafield>
  <datafield tag="720" ind1="1" ind2=" ">
    <subfield code="a">Luzon, April V.,</subfield>
    <subfield code="e">panelist, chair.</subfield>
  </datafield>
  <datafield tag="720" ind1="1" ind2=" ">
    <subfield code="a">Adriano, RolandoB.,</subfield>
    <subfield code="e">panelist, member</subfield>
  </datafield>
  <datafield tag="720" ind1="1" ind2=" ">
    <subfield code="a">Maninang, Jeorgette N.,</subfield>
    <subfield code="e">panelist, member</subfield>
  </datafield>
  <datafield tag="942" ind1=" " ind2=" ">
    <subfield code="2">ddc</subfield>
    <subfield code="n">0</subfield>
    <subfield code="c">UM</subfield>
    <subfield code="h">B632s</subfield>
    <subfield code="i">BSOA</subfield>
    <subfield code="k">UTH</subfield>
    <subfield code="m">2024</subfield>
  </datafield>
  <datafield tag="952" ind1=" " ind2=" ">
    <subfield code="0">0</subfield>
    <subfield code="1">0</subfield>
    <subfield code="2">ddc</subfield>
    <subfield code="4">0</subfield>
    <subfield code="7">1</subfield>
    <subfield code="a">BUHI</subfield>
    <subfield code="b">BUHI</subfield>
    <subfield code="c">UTH</subfield>
    <subfield code="d">2025-09-04</subfield>
    <subfield code="l">0</subfield>
    <subfield code="o">UTH BSOA B632s 2024</subfield>
    <subfield code="p">00236UM-BUH</subfield>
    <subfield code="r">2025-09-04 00:00:00</subfield>
    <subfield code="t">1-1</subfield>
    <subfield code="w">2025-09-04</subfield>
    <subfield code="y">UM</subfield>
  </datafield>
  <datafield tag="999" ind1=" " ind2=" ">
    <subfield code="c">30322</subfield>
    <subfield code="d">30322</subfield>
  </datafield>
</record>
